000 00632nam a2200181Ia 4500
008 090124s9999 xx 000 0 und d
082 _b22817
_a1679
100 _aभोळे भास्कर लक्ष्मण
245 _a सत्तान्तर आणि नंतर
250 _a1
260 _c1979
300 _a159
600 _aभोळे भास्कर लक्ष्मण
630 _a सत्तान्तर आणि नंतर
700 _aभोळे भास्कर लक्ष्मण
730 _a सत्तान्तर आणि नंतर
942 _cBOOK
999 _c136441
_d136441